000 00881nam a2200229Ia 4500
005 20260430150738.0
008 008 250103s9999 xx 000 0 hin d
037 _aTheses
040 _aCRL
040 _bhin
040 _chin
041 _2hin
041 _ahin
084 _qCRL
100 _aदान, ईश्वर, ले.
_9865433
245 0 _aराजस्थान के हाड़ौती क्षेत्र में पुराबस्तियों और आजीविका प्रारूपों का अध्ययन: पाषाण काल से पूर्व मध्यकाल तक
260 _c2021
300 _a557पृ0
700 _aदिल्ली विश्वविद्यालय. कला संकाय. इतिहास विभाग
942 _cTH
999 _c1850566
_d1850566